|
|
|
|
| LEADER |
00000nam0a2200000 4500 |
| 001 |
317672 |
| 005 |
20231102003011.0 |
| 035 |
|
|
|a (RuTPU)RU\TPU\book\343140
|
| 090 |
|
|
|a 317672
|
| 100 |
|
|
|a 20160412d1948 m y0rusy50 ca
|
| 101 |
0 |
|
|a rus
|
| 102 |
|
|
|a RU
|
| 105 |
|
|
|a y z 000bb
|
| 200 |
1 |
|
|a Миклухо-Маклай
|e сценарии
|f А. Спешнев, В. Волькенштейн
|g науч. конс. Я. Я. Рогинский
|
| 210 |
|
|
|a Москва
|c Госкиноиздат
|d 1948
|
| 215 |
|
|
|a 88 с.
|
| 225 |
1 |
|
|a Библиотека кинодраматурга
|
| 600 |
|
1 |
|a Миклухо-Маклай
|g Николай Николаевич
|c русский этнограф
|f 1846-1888
|b Н. Н.
|2 stltpush
|3 (RuTPU)RU\TPU\pers\337
|
| 606 |
1 |
|
|a Киносценарии
|2 stltpush
|3 (RuTPU)RU\TPU\subj\14378
|9 40779
|
| 610 |
1 |
|
|a киноискусство
|
| 610 |
1 |
|
|a драматургия
|
| 610 |
1 |
|
|a пьесы
|
| 675 |
|
|
|a 791.43.05:008
|v 4
|
| 700 |
|
1 |
|a Спешнев
|b А.
|g Алексей
|
| 701 |
|
1 |
|a Волькенштейн
|b В.
|g Владимир
|
| 702 |
|
1 |
|a Рогинский
|b Я. Я.
|4 695
|
| 801 |
|
1 |
|a RU
|b 63413507
|c 20160412
|
| 801 |
|
2 |
|a RU
|b 63413507
|c 20160520
|g RCR
|
| 942 |
|
|
|c BK
|